| 000 | 00402nam a22001577a 4500 | ||
|---|---|---|---|
| 999 |
_c531682 _d531682 |
||
| 003 | NUST | ||
| 005 | 20191023124118.0 | ||
| 008 | 191023b ||||| |||| 00| 0 eng d | ||
| 038 | _aMSOHAIL | ||
| 082 | _a0 | ||
| 100 |
_aMumtaz Hussain Malik _924629 |
||
| 245 | _aTraffic Account Survey at Super Highway (M-9) | ||
| 260 |
_aIslamabad _bNTRC _c2007 |
||
| 300 |
_a149,p; _c25cm _eH.B. |
||
| 942 |
_2ddc _cBK |
||